Top 30 : Tems - Statistiques

Statistiques générales
  • Ce quiz a été pris 12 fois
  • Le résultat moyen est 13 sur 30
Statistiques - réponses
Top Titres Featuring % Correct
1 WAIT FOR U Future, Drake
90%
3 Free Mind
80%
17 Burning
70%
2 Essence Wizkid
70%
8 Essence Wizkid, Justin Bieber
70%
7 Love Me JeJe
70%
5 Me & U
70%
29 Raindance Dave
60%
11 Damages
50%
9 Found Brent Faiyaz
50%
6 Fountains Drake
50%
18 Free Fall J. Cole
50%
24 Get it Right Asake
50%
4 Higher
50%
21 Ice T
50%
10 Replay
50%
12 MOVE Beyoncé, Grace Jones
40%
19 Wickedest
40%
16 No.1 Tyla
30%
22 Not An Angel
30%
23 No Woman No Cry
30%
15 Crazy Tings
20%
30 Mr Rebel
20%
14 The Key
20%
26 These Days
20%
20 Try Me
20%
28 Avoid Things
10%
27 Interference
10%
13 Know Your Worth Khalid, Disclosure, Davido
10%
25 Trouble DRB Lasgidi, Teezee, Boj, Fresh L.
10%
Aucun quiz correspondant
Distribution des résultats
% des personnes avec chaque résultat
Percentile par nombre de réponses
Votre historique - résultats
Vous n’avez pas pris ce quiz